| 000 | 00823nam a2200217Ia 4500 | ||
|---|---|---|---|
| 003 | OSt | ||
| 005 | 20260122192859.0 | ||
| 007 | ca aa aaaaa | ||
| 008 | 201103s9999 xx 000 0 und d | ||
| 040 | _cSSBUL | ||
| 041 | _abur | ||
| 082 |
_a၂၉၄.၃၈၂၃ _2ဉာ |
||
| 100 | _a ဉာဏ၊ အသျှင် | ||
| 245 | 1 | 0 |
_aမဟာသတိပဋ္ဌာနသုတ်အဖွင့်နိဗ္ဗာန်ရောက်သွယ်လမ်းလေးသွယ် / _cအသျှင်ဉာဏ။ |
| 260 |
_aမန္တလေး ၊ _bယုဝစာပေဖြန့်ချိရေး၊ _c၁၉၇၁။ |
||
| 300 |
_a၂၅၄ စာမျက်နှာ ၊ _c၁၈ စင်တီ။ |
||
| 500 | _aS-SAT: Dr. Prof Sai Aung Tun | ||
| 942 | _cBK | ||
| 942 | _2ddc | ||
| 942 | _2ddc | ||
| 999 |
_c16612 _d16612 |
||